ბათუმის შოთა რუსთაველის სახელმწიფო უნივერსიტეტის ბიბლიოთეკა

Справочник металлиста в 5 томах.Том 3. (ბიბ.ჩანაწერი № 37498)

000 -LEADER
fixed length control field 00727nam a2200193Ia 4500
001 - CONTROL NUMBER
control field 3460
003 - CONTROL NUMBER IDENTIFIER
control field GE_BSU
008 - FIXED-LENGTH DATA ELEMENTS--GENERAL INFORMATION
fixed length control field 181216s||||||||xx |||||||||||||| ||und||
040 ## - CATALOGING SOURCE
Transcribing agency GE_BSU
080 ## - UNIVERSAL DECIMAL CLASSIFICATION NUMBER
Universal Decimal Classification number 621.7(035.3)
100 ## - MAIN ENTRY--PERSONAL NAME
Personal name Баклунов,Е.Д. Белопухов,А.К. Жебин,М.И и др.
245 ## - TITLE STATEMENT
Title Справочник металлиста в 5 томах.Том 3.
245 ## - TITLE STATEMENT
Statement of responsibility, etc. Ред. сов. Б.Л.Богуславский, А.Н.Малов, М.П.Новиков и др. Под ред. А.Н.Малова.
250 ## - EDITION STATEMENT
Edition statement Изд. третье, перераб.
260 ## - PUBLICATION, DISTRIBUTION, ETC.
Date of publication, distribution, etc. 1977
300 ## - PHYSICAL DESCRIPTION
Extent 748 стр. с илл.
653 ## - INDEX TERM--UNCONTROLLED
Uncontrolled term Справочник металлиста в 5 томах.
942 ## - ADDED ENTRY ELEMENTS (KOHA)
Koha item type წიგნი
ეგზემპლარები
Withdrawn status Lost status Damaged status Not for loan Date acquired Barcode Date last seen Price effective from Koha item type
        2018-12-17 10307 2018-12-17 2018-12-17 წიგნი